000 00470cam a2200181 4500
001 D15067
008 090401t1968 xxu||||| |||| 00| 0 eng d
035 _a(Sirsi) u20036
041 _aeng
110 _aRoyal Institution of Chartered Surveyors
_bLancashire Cheshire
_9800
245 _aAnnual report and accounts: session 1967-68
260 _bRICS
_c1968
300 _a20p
350 _a0
520 _aFiled in box 1968/26 A
942 _n0
948 _c04/03/1997
999 _c87749
_d87749